000 01385 a2200229 4500
003 Nust
005 20220802130046.0
010 _a 2001043455
020 _a0849322855 (alk. paper)
040 _cNust
082 0 0 _a572.865,DAN
245 0 0 _aDNA arrays :
_btechnologies and experimental strategies /
_cedited by Elena V. Grigorenko.
260 _aBoca Raton, Fla. :
_bCRC Press,
_cc2002.
300 _a167 p., [8] p. of plates :
_bill. (some col.) ;
_c25 cm.
490 1 _aMethods & new frontiers in neuroscience
505 _aTechnology Development for DNA Chips (Page-1), Experimental Design for Hybridization Array Analysis of Gene Expression (Page -11), Oligonucleotide Array Technologies for Gene Expression Profiling (Page-25), Electrochemical Detection of Nucleic Acids (Page-39), DNA Microarrays in Neurobiology (Page-61), High-Dimensional Visualization Support for Data Mining Gene (Page-75), Data Management in Micro array Fabrication Image Processing (Page-115), Zeroing in on Essential Gene Expression Data (Page-129), Application of Arrayed Libraries for Analysis of Differential (Page-141).
650 0 _aDNA microarrays.
_996275
700 1 _aGrigorenko, Elena V.
_996276
830 0 _aMethods & new frontiers in neuroscience series.
_996277
856 4 2 _3Publisher description
_uhttp://www.loc.gov/catdir/enhancements/fy0646/2001043455-d.html
942 _cREF
_2ddc
999 _c176974
_d176974